000 00595nam a2200181 i 4500
001 84544
003 ES-MaACL
005 20230906175032.0
007 t|
008 041123s1970 sp ||||1| spa d
100 1 _aJohnson, William Weber.
_966765
245 1 0 _aMéxico heróico
_b: el violento nacimiento de una nación moderna /
_cpor William Weber Johnson ; [traducción de Eduardo Mallorquí].
250 _a[1ª ed.].
260 _a[Barcelona] :
_bPlaza & Janés,
_c[1970]
300 _a509 p. ;
_c24 cm.
700 1 _aMallorquí, Eduardo.
_975827
852 _aES-MaACL
_jC-38015
_bR.74195
999 _c84544
_d84544